Sejarah Melayu

Other Authors: Shellabear, William Girdlestone( 1862-1947-)
Language:Malay
Published: Kuala Lumpur: Dewan Bahasa dan Pustaka, 2016.
Subjects:
LEADER 00611cam a2200181 7i4500
001 0000129280
005 20170808090000.0
008 170516s2016 my may
020 # 0 |a 9789834903466  
090 0 0 |a PL 5113   |b .S4 2016 
245 0 0 |a Sejarah Melayu   |c diusahakan oleh W. G. Shellabear. 
260 # # |a Kuala Lumpur:   |b Dewan Bahasa dan Pustaka,   |c 2016. 
300 # # |a 335 p.;   |c 21 cm.. 
590 # # |a Pusat Pendidikan Asas dan Liberal 
650 0 0 |a Malay --   |x History  
650 0 0 |a Malay literature  
700 1 1 |a Shellabear, William Girdlestone(  |d 1862-1947-)  
999 |a 1100100361  |b Book  |c Open Shelf  |e KOLEKSI TERBUKA